[Event "Rheinland Pfalz op 10th"]
[Site "Nickenich"]
[Date "2018.06.01"]
[Round "4"]
[White "Weber, Winfried1111"]
[Black "Van Leyen, Peter"]
[Result "0-1"]
[WhiteElo "1317"]
[BlackElo "1644"]
[PlyCount "78"]
[EventDate "2018.05.31"]
[EventType "swiss"]
[EventRounds "7"]
[EventCountry "GER"]
[SourceTitle "EXT 2019"]
[Source "ChessBase"]
[SourceDate "2018.10.10"]
[SourceVersion "1"]
[SourceVersionDate "2018.10.10"]
[SourceQuality "1"]

1. d4 e6 2. Nf3 Nf6 3. e3 d5 4. Bd3 c5 5. dxc5 Bxc5 6. Nbd2 a6 7. 0-0 0-0 8. a3 b5 9. b4 Ba7 10. Bb2 Bb7 11. Re1 Nc6 12. e4 Rc8 13. h3 d4 14. e5 Nd5 15. Qe2 g6 16. Qe4 Nc3 17. Qf4 f5 18. exf6 Rxf6 19. Qh6 Qc7 20. Ng5 Bb8 21. f3 Re8 22. Qxh7+ Qxh7 23. Nxh7 Kxh7 24. Ne4 Nxe4 25. Bxe4 Ba7 26. Kh2 Re7 27. Bd3 Bb8+ 28. Kg1 Rd7 29. Re4 Bf4 30. Rae1 e5 31. c3 dxc3 32. Bxc3 Rxd3 33. Bb2 Kh6 34. Kf2 Rfd6 35. g3 Rd2+ 36. R4e2 Rxe2+ 37. Rxe2 Bg5 38. h4 Bf6 39. Bc1+ Kg7 0-1

[Event "Pfalz-ch HT2 87th"]
[Site "Landau"]
[Date "2018.03.31"]
[Round "7"]
[White "Van Leyen, Peter"]
[Black "Kopf, Rainer"]
[Result "1/2-1/2"]
[WhiteElo "1599"]
[BlackElo "1921"]
[PlyCount "54"]
[EventDate "2018.03.23"]
[EventType "swiss"]
[EventRounds "7"]
[EventCountry "GER"]
[SourceTitle "EXT 2019"]
[Source "ChessBase"]
[SourceDate "2018.10.10"]
[SourceVersion "1"]
[SourceVersionDate "2018.10.10"]
[SourceQuality "1"]

1. d4 c5 2. Nf3 e6 3. e3 Nf6 4. c3 d5 5. Bd3 Nc6 6. Nbd2 Qc7 7. 0-0 Bd6 8. Re1 cxd4 9. exd4 0-0 10. Nf1 Rb8 11. Bg5 Kh8 12. Bh4 Bd7 13. Bg3 Bxg3 14. Nxg3 Qf4 15. Ne5 Nxe5 16. Rxe5 Ng4 17. Re2 f5 18. h3 Nf6 19. Re3 Qh6 20. Re5 g5 21. Be2 Rg8 22. c4 f4 23. Nh5 Nxh5 24. Bxh5 dxc4 25. Qg4 Be8 26. Bxe8 Rbxe8 27. Rae1 Qg6 1/2-1/2

[Event "Pfalz-ch HT2 87th"]
[Site "Landau"]
[Date "2018.03.30"]
[Round "6"]
[White "Kodalle, Dominik"]
[Black "Van Leyen, Peter"]
[Result "0-1"]
[WhiteElo "1580"]
[BlackElo "1599"]
[PlyCount "138"]
[EventDate "2018.03.23"]
[EventType "swiss"]
[EventRounds "7"]
[EventCountry "GER"]
[SourceTitle "EXT 2019"]
[Source "ChessBase"]
[SourceDate "2018.10.10"]
[SourceVersion "1"]
[SourceVersionDate "2018.10.10"]
[SourceQuality "1"]

1. c4 e6 2. Nc3 c5 3. g3 Nf6 4. Bg2 Be7 5. e3 0-0 6. Nge2 a6 7. 0-0 Qc7 8. b3 d6 9. Bb2 Bd7 10. Qc2 Nc6 11. a3 Rac8 12. d4 b6 13. Rad1 Rfd8 14. e4 cxd4 15. Nxd4 Ne5 16. Qe2 Nc6 17. f4 Nxd4 18. Rxd4 e5 19. Rdd1 b5 20. Nd5 Nxd5 21. cxd5 Qc2 22. Qxc2 Rxc2 23. Rf2 Rdc8 24. Rdf1 exf4 25. gxf4 Bh4 26. Rxc2 Rxc2 27. Bc1 Bf2+ 28. Rxf2 Rxc1+ 29. Rf1 Rxf1+ 30. Bxf1 f6 31. b4 Kf7 32. Kf2 g5 33. fxg5 fxg5 34. Ke3 Kf6 35. Kd4 h5 36. Bg2 g4 37. Bf1 h4 38. Bg2 Be8 39. Bf1 h3 40. Be2 Bh5 41. Bf1 Bg6 42. Be2 Kg5 43. Ke3 Bh5 44. Bf1 Bf7 45. Be2 Bg6 46. Bf1 Bh5 47. e5 dxe5 48. Ke4 Kf6 49. d6 Ke6 50. d7 Bg6+ 51. Ke3 Kxd7 52. Be2 Bf5 53. Kf2 Ke6 54. Kg3 Kd5 55. Bxg4 Bxg4 56. Kxg4 Ke4 57. Kxh3 Kf3 58. Kh4 e4 59. Kg5 e3 60. h4 e2 61. h5 e1Q 62. h6 Qe8 63. Kf6 Qh8+ 64. Kg6 Kf4 65. a4 bxa4 66. b5 axb5 67. h7 Kg4 68. Kh6 Kf5 69. Kh5 Qxh7# 0-1

[Event "Pfalz-ch HT2 87th"]
[Site "Landau"]
[Date "2018.03.25"]
[Round "3"]
[White "Van Leyen, Peter"]
[Black "Koch, Frank1111"]
[Result "0-1"]
[WhiteElo "1599"]
[BlackElo "1778"]
[PlyCount "116"]
[EventDate "2018.03.23"]
[EventType "swiss"]
[EventRounds "7"]
[EventCountry "GER"]
[SourceTitle "EXT 2019"]
[Source "ChessBase"]
[SourceDate "2018.10.10"]
[SourceVersion "1"]
[SourceVersionDate "2018.10.10"]
[SourceQuality "1"]

1. d4 c6 2. Nf3 d5 3. Bf4 Nf6 4. e3 Bg4 5. h3 Bxf3 6. Qxf3 e6 7. Bd3 Qb6 8. 0-0 Qxb2 9. Nd2 Qc3 10. Rfd1 Nbd7 11. Rab1 b6 12. Rb3 Qa5 13. e4 g6 14. exd5 Nxd5 15. Be3 Rc8 16. a3 Nxe3 17. fxe3 Be7 18. Nc4 Qg5 19. e4 0-0 20. e5 f6 21. Qe2 fxe5 22. Nd2 Rf7 23. Ne4 Qf4 24. Bc4 Nf8 25. Rf3 Qh4 26. Rxf7 Kxf7 27. Qf3+ Qf4 28. Rf1 Qxf3 29. Rxf3+ Kg7 30. dxe5 Rd8 31. Ba2 Rd1+ 32. Rf1 Rxf1+ 33. Kxf1 Bxa3 34. Ke2 Bb2 35. c3 a5 36. Kd3 h6 37. Nd6 Ba3 38. Nc8 Nd7 39. Bxe6 Nc5+ 40. Kc4 Nxe6 41. Nxb6 Nf4 42. Kb3 Bc5 43. Nc4 Be7 44. Nxa5 c5 45. Kc4 Nxg2 46. Nb7 Ne3+ 47. Kb5 Nd5 48. c4 Nc7+ 49. Kb6 Ne6 50. Kc6 Kf7 51. Nd6+ Bxd6 52. exd6 g5 53. Kb6 h5 54. d7 Ke7 55. d8Q+ Nxd8 56. Kxc5 Ke6 57. Kd4 Kf5 58. c5 Ne6+ 0-1

[Event "Rheinland Pfalz op 9th"]
[Site "Lambsheim"]
[Date "2017.06.17"]
[Round "5"]
[White "Gutzen, Werner"]
[Black "Van Leyen, Peter"]
[Result "1-0"]
[WhiteElo "1868"]
[BlackElo "1652"]
[PlyCount "133"]
[EventDate "2017.06.15"]
[EventType "swiss"]
[EventRounds "7"]
[EventCountry "GER"]
[SourceTitle "CBM 178 Extra"]
[Source "ChessBase"]
[SourceDate "2017.06.22"]
[SourceVersion "1"]
[SourceVersionDate "2017.06.22"]
[SourceQuality "1"]

1. b3 d6 2. Bb2 b6 3. Nf3 Bb7 4. g3 Nd7 5. Bg2 Ngf6 6. 0-0 e5 7. d3 g6 8. c4 Bg7 9. Nc3 0-0 10. Re1 a6 11. Nxe5 Bxg2 12. Nxd7 Qxd7 13. Kxg2 b5 14. Qd2 Rab8 15. Rac1 bxc4 16. dxc4 Qc6+ 17. Kg1 Qc5 18. e3 Qh5 19. Qe2 Qh3 20. Qf1 Qd7 21. Qg2 Rfe8 22. Ba1 Re7 23. Red1 c6 24. Rd3 Rd8 25. Rcd1 Qc7 26. Ne2 Red7 27. Qf3 Ne8 28. Bxg7 Nxg7 29. Nc3 Ne8 30. Qf4 Kg7 31. Ne4 d5 32. Nc5 Qxf4 33. gxf4 Ra7 34. cxd5 cxd5 35. Rxd5 Rxd5 36. Rxd5 Nf6 37. Rd6 a5 38. Ra6 Rxa6 39. Nxa6 Ne4 40. b4 axb4 41. Nxb4 Nc3 42. Kf1 Kf6 43. Ke1 Kf5 44. f3 h6 45. Kd2 Nb1+ 46. Kd3 g5 47. Nd5 gxf4 48. Nxf4 Kg5 49. Ng2 h5 50. a4 Kf6 51. Nf4 h4 52. Ng2 Kg5 53. a5 Na3 54. a6 Nb5 55. Kc4 Na7 56. Kc5 f5 57. Kb6 Nc8+ 58. Kc7 Ne7 59. a7 Nd5+ 60. Kd6 h3 61. Nf4 Nxf4 62. exf4+ Kxf4 63. a8Q Ke3 64. Ke5 f4 65. Qe4+ Kf2 66. Qxf4 Kg2 67. Qg3+ 1-0

[Event "Pfalz-ch MAT1 86th"]
[Site "Wolfstein"]
[Date "2017.04.08"]
[Round "2"]
[White "Schluchter, Steffen"]
[Black "Van Leyen, Peter"]
[Result "1-0"]
[WhiteElo "2172"]
[BlackElo "1665"]
[PlyCount "43"]
[EventDate "2017.04.07"]
[EventType "tourn"]
[EventRounds "9"]
[EventCountry "GER"]
[SourceTitle "EXT 2018"]
[Source "ChessBase"]
[SourceDate "2017.10.13"]
[SourceVersion "1"]
[SourceVersionDate "2017.10.13"]
[SourceQuality "1"]

1. d4 e6 2. Bf4 c5 3. e3 d5 4. c3 Nf6 5. Nd2 Be7 6. Bd3 0-0 7. Ngf3 Nc6 8. Ne5 Nxe5 9. dxe5 Nd7 10. Qh5 f5 11. g4 c4 12. Bc2 Nc5 13. gxf5 exf5 14. Rg1 Nd3+ 15. Bxd3 cxd3 16. 0-0-0 Be6 17. Qh6 g6 18. Rxg6+ hxg6 19. Qxg6+ Kh8 20. Qh6+ Kg8 21. Rg1+ Kf7 22. Qg6# 1-0

[Event "Pfalz op-B 8th"]
[Site "Neustadt an der Weinstrasse"]
[Date "2017.02.24"]
[Round "1"]
[White "Van Leyen, Peter"]
[Black "Bauland, Thomas"]
[Result "0-1"]
[WhiteElo "1730"]
[BlackElo "1916"]
[PlyCount "84"]
[EventDate "2017.02.24"]
[EventType "swiss"]
[EventRounds "7"]
[EventCountry "GER"]
[SourceTitle "CBM 177 Extra"]
[Source "ChessBase"]
[SourceDate "2017.04.27"]
[SourceVersion "1"]
[SourceVersionDate "2017.04.27"]
[SourceQuality "1"]

1. d4 d5 2. Nf3 Nf6 3. e3 e6 4. Bd3 c5 5. c3 Nc6 6. Nbd2 Bd6 7. 0-0 0-0 8. Qe2 Re8 9. Re1 e5 10. dxe5 Nxe5 11. Nxe5 Bxe5 12. h3 Bc7 13. Nf3 Qd6 14. b4 c4 15. Bc2 Ne4 16. Bb2 Bf5 17. Red1 Rad8 18. Kf1 Qf6 19. Bxe4 Bxe4 20. Ne1 Re5 21. Rd2 Bb6 22. Kg1 Rg5 23. Rad1 Qe6 24. Qxc4 Rc8 25. Qf1 Qxh3 26. Rxd5 Bxd5 27. Rxd5 Qg4 28. c4 Rxd5 29. cxd5 Qxb4 30. Qe2 Qe4 31. Nd3 Rd8 32. Nf4 Bc7 33. f3 Qb1+ 34. Kf2 Bxf4 35. exf4 Qf5 36. d6 Qc5+ 37. Kg3 Qxd6 38. Be5 Qe6 39. f5 Qxf5 40. Bc7 Rc8 41. Qe7 Qg6+ 42. Kh2 Qe6 0-1

[Event "Rheinland Pfalz op 7th"]
[Site "Frankenthal"]
[Date "2015.06.06"]
[Round "4"]
[White "Spieleder, Alexander"]
[Black "Van Leyen, Peter"]
[Result "0-1"]
[WhiteElo "1389"]
[BlackElo "1741"]
[PlyCount "60"]
[EventDate "2015.06.04"]
[EventType "swiss"]
[EventRounds "7"]
[EventCountry "GER"]
[SourceTitle "EXT 2017"]
[Source "ChessBase"]
[SourceDate "2016.10.25"]
[SourceVersion "1"]
[SourceVersionDate "2016.10.25"]
[SourceQuality "1"]

1. e4 c6 2. d4 d5 3. Nc3 dxe4 4. Nxe4 Bf5 5. Bd3 e6 6. Nf3 Nf6 7. Qe2 Be7 8. Nxf6+ Bxf6 9. Bxf5 Qa5+ 10. Bd2 Qxf5 11. 0-0-0 0-0 12. h3 Re8 13. g4 Qd5 14. c4 Qd8 15. h4 Nd7 16. g5 Be7 17. h5 c5 18. g6 Bf6 19. gxh7+ Kh8 20. h6 g6 21. dxc5 Rc8 22. Qe3 Rxc5 23. Bc3 Rxc4 24. Ne5 Bxe5 25. Rxd7 Qf6 26. Rxf7 Rxc3+ 27. bxc3 Qxf7 28. Qxe5+ Kxh7 29. Rh4 Rf8 30. Rf4 Qxf4+ 0-1

[Event "Rheinland Pfalz op 7th"]
[Site "Frankenthal"]
[Date "2015.06.06"]
[Round "3"]
[White "Van Leyen, Peter"]
[Black "Von Pueckler, Konstantin"]
[Result "1-0"]
[WhiteElo "1741"]
[BlackElo "1065"]
[PlyCount "43"]
[EventDate "2015.06.04"]
[EventType "swiss"]
[EventRounds "7"]
[EventCountry "GER"]
[SourceTitle "EXT 2017"]
[Source "ChessBase"]
[SourceDate "2016.10.25"]
[SourceVersion "1"]
[SourceVersionDate "2016.10.25"]
[SourceQuality "1"]

1. d4 d5 2. Nf3 Nf6 3. e3 e6 4. Bd3 c5 5. c3 Nc6 6. 0-0 cxd4 7. exd4 Bd6 8. Re1 0-0 9. Bg5 h6 10. Bh4 b6 11. Ne5 Nb8 12. Nd2 Ba6 13. Bc2 g5 14. Bg3 Bxe5 15. dxe5 Nh7 16. Qh5 Kg7 17. Rad1 Nd7 18. Nb3 Rc8 19. Nd4 Qe7 20. f4 Rh8 21. f5 f6 22. Nxe6+ 1-0

[Event "SVR-ch MAT-I 37th"]
[Site "Heimbach Weis"]
[Date "2014.04.12"]
[Round "2"]
[White "Van Leyen, Peter"]
[Black "Ley, Sabrina"]
[Result "1-0"]
[WhiteElo "1598"]
[BlackElo "1510"]
[PlyCount "65"]
[EventDate "2014.04.11"]
[EventType "tourn"]
[EventRounds "9"]
[EventCountry "GER"]
[SourceTitle "CBM 160 Extra"]
[Source "ChessBase"]
[SourceDate "2014.07.01"]
[SourceVersion "1"]
[SourceVersionDate "2014.07.01"]
[SourceQuality "1"]

1. d4 Nf6 2. Nf3 d6 3. c4 g6 4. Nc3 Bg7 5. e4 0-0 6. Be2 c5 7. 0-0 cxd4 8. Nxd4 Nc6 9. Nf3 a6 10. Rb1 Bd7 11. b4 Rc8 12. a4 Qc7 13. Nd5 Nxd5 14. exd5 Ne5 15. Nxe5 Bxe5 16. Be3 Bf5 17. Rb3 b5 18. axb5 axb5 19. c5 dxc5 20. Bxc5 Qd7 21. Re3 Bf6 22. Qb3 Rfe8 23. Bd3 Rcd8 24. Bxf5 Qxf5 25. Rd1 Kg7 26. Qd3 Qxd3 27. Rexd3 Ra8 28. g3 Be5 29. Kg2 Bd6 30. Kf3 Rec8 31. Rc1 Ra4 32. Bd4+ f6 33. Rxc8 1-0

[Event "SVR-ch MAT 36th"]
[Site "Idar Oberstein"]
[Date "2013.03.28"]
[Round "4"]
[White "Uhl, Patrick"]
[Black "Van Leyen, Peter"]
[Result "1/2-1/2"]
[WhiteElo "1702"]
[BlackElo "1712"]
[PlyCount "90"]
[EventDate "2013.03.23"]
[EventType "tourn"]
[EventRounds "7"]
[EventCountry "GER"]
[SourceTitle "EXT 2014"]
[Source "ChessBase"]
[SourceDate "2013.11.20"]
[SourceVersion "1"]
[SourceVersionDate "2013.11.20"]
[SourceQuality "1"]

1. d4 e6 2. c4 c5 3. e3 b6 4. Nf3 Nf6 5. Nc3 Bb7 6. Be2 Be7 7. 0-0 0-0 8. Qc2 d6 9. a3 Nbd7 10. b3 a6 11. Bb2 Rc8 12. Rad1 Qc7 13. Rfe1 Rfe8 14. Qb1 Qb8 15. Rd2 Qa8 16. Red1 Ne4 17. Nxe4 Bxe4 18. Qa1 Nf6 19. dxc5 bxc5 20. Bc3 Qb8 21. b4 d5 22. bxc5 Bxf3 23. Bxf3 dxc4 24. c6 Qb3 25. Rb1 Qxa3 26. Qxa3 Bxa3 27. Ra1 Be7 28. Rxa6 Nd5 29. Bxd5 exd5 30. Rxd5 Red8 31. Rxd8+ Bxd8 32. Kf1 f6 33. Ke2 Kf7 34. e4 Bc7 35. g3 Ke6 36. Ke3 Rd8 37. Bd4 Kd6 38. Ra4 Kxc6 39. Rxc4+ Kd7 40. Rc2 Ra8 41. Kf3 h5 42. h3 Ra3+ 43. Ke2 Ra4 44. Kd3 Ra3+ 45. Ke2 h4 1/2-1/2

[Event "SVR-ch MAT 36th"]
[Site "Idar Oberstein"]
[Date "2013.03.23"]
[Round "1"]
[White "Van Leyen, Peter"]
[Black "Uglesic, Roman"]
[Result "0-1"]
[WhiteElo "1712"]
[BlackElo "1697"]
[PlyCount "50"]
[EventDate "2013.03.23"]
[EventType "tourn"]
[EventRounds "7"]
[EventCountry "GER"]
[SourceTitle "EXT 2014"]
[Source "ChessBase"]
[SourceDate "2013.11.20"]
[SourceVersion "1"]
[SourceVersionDate "2013.11.20"]
[SourceQuality "1"]

1. Nf3 d5 2. c4 c6 3. b3 Nf6 4. g3 Bf5 5. Bg2 e6 6. 0-0 Be7 7. Bb2 0-0 8. d4 Nbd7 9. Nbd2 h6 10. a3 Ne4 11. Rc1 a5 12. Nxe4 Bxe4 13. Ne5 Bxg2 14. Kxg2 Nxe5 15. dxe5 Qb6 16. Qc2 dxc4 17. Qxc4 Rfd8 18. Rc2 Rd5 19. Rfc1 Rad8 20. e4 Rb5 21. f4 Rxb3 22. f5 Rxb2 23. fxe6 Rxc2+ 24. Rxc2 Qd4 25. exf7+ Kf8 0-1

[Event "Bad Godesberg op 16th"]
[Site "Bad Godesberg"]
[Date "2012.07.07"]
[Round "1"]
[White "Van Leyen, Peter"]
[Black "Saglam, Karl Heinz"]
[Result "0-1"]
[WhiteElo "1720"]
[BlackElo "2147"]
[PlyCount "72"]
[EventDate "2012.07.07"]
[EventType "swiss"]
[EventRounds "9"]
[EventCountry "GER"]
[SourceTitle "CBM 149 Extra"]
[Source "ChessBase"]
[SourceDate "2012.08.24"]
[SourceVersion "1"]
[SourceVersionDate "2012.08.24"]
[SourceQuality "1"]

1. Nf3 Nf6 2. d4 g6 3. e3 Bg7 4. Bd3 c5 5. c3 b6 6. 0-0 d5 7. dxc5 bxc5 8. Qe2 c4 9. Bc2 Bf5 10. Bxf5 gxf5 11. Nd4 e6 12. Nd2 Qc7 13. Rd1 Nbd7 14. Nf1 0-0 15. Bd2 Ne4 16. f3 Nec5 17. b4 Na4 18. Be1 Ndb6 19. Qc2 Qe7 20. Ng3 Qg5 21. f4 Qg6 22. Nc6 Bf6 23. Ne5 Bxe5 24. fxe5 Qg7 25. Nxf5 exf5 26. Qxf5 Rae8 27. Rd4 Rxe5 28. Qf3 Rfe8 29. Rg4 Rg5 30. Rxg5 Qxg5 31. Bd2 Nd7 32. Rf1 Ne5 33. Qxd5 Rd8 34. Qb5 Rxd2 35. Qe8+ Kg7 36. Qa8 Nxc3 0-1

[Event "Rheinland Pfalz op 4th"]
[Site "Altenkirchen"]
[Date "2012.06.09"]
[Round "6"]
[White "Van Leyen, Peter"]
[Black "Weber, Frank"]
[Result "0-1"]
[WhiteElo "1739"]
[BlackElo "1357"]
[PlyCount "68"]
[EventDate "2012.06.07"]
[EventType "swiss"]
[EventRounds "7"]
[EventCountry "GER"]
[SourceTitle "CBM 148 Extra"]
[Source "ChessBase"]
[SourceDate "2012.06.22"]
[SourceVersion "1"]
[SourceVersionDate "2012.06.22"]
[SourceQuality "1"]

1. Nf3 c5 2. e3 d6 3. Nc3 Nf6 4. d4 cxd4 5. Nxd4 a6 6. g3 e5 7. Nf3 Bg4 8. e4 Nc6 9. Be2 h6 10. Be3 Be7 11. Qd2 0-0 12. 0-0-0 Qc7 13. h3 Be6 14. Kb1 b5 15. g4 b4 16. Nd5 Qb7 17. Nxf6+ Bxf6 18. g5 hxg5 19. Bxg5 Bxg5 20. Qxg5 f6 21. Qc1 Bxa2+ 22. Kxa2 b3+ 23. cxb3 Nb4+ 24. Kb1 Qxe4+ 25. Bd3 Nxd3 26. Qc4+ Qxc4 27. bxc4 Nxf2 28. Rdf1 Nxh1 29. Rxh1 Kf7 30. Kc2 Rfc8 31. b3 d5 32. Kc3 dxc4 33. bxc4 a5 34. Rf1 Ke6 0-1

[Event "SVR-op 35th"]
[Site "Nickenich"]
[Date "2012.04.06"]
[Round "6"]
[White "Van Leyen, Peter"]
[Black "Breuer, Yannick"]
[Result "0-1"]
[WhiteElo "1754"]
[BlackElo "1211"]
[PlyCount "82"]
[EventDate "2012.03.30"]
[EventType "swiss"]
[EventRounds "7"]
[EventCountry "GER"]
[SourceTitle "EXT 2013"]
[Source "ChessBase"]
[SourceDate "2012.11.22"]
[SourceVersion "1"]
[SourceVersionDate "2012.11.22"]
[SourceQuality "1"]

1. Nf3 Nc6 2. d4 d5 3. e3 Bf5 4. c4 e6 5. cxd5 exd5 6. Bb5 a6 7. Ba4 b5 8. Bc2 Bg6 9. Nc3 Nf6 10. 0-0 Bd6 11. a3 0-0 12. b4 Re8 13. Bb2 Qd7 14. Bxg6 hxg6 15. Rc1 a5 16. Nxb5 axb4 17. Nxd6 Qxd6 18. axb4 Nxb4 19. Ra1 Nc6 20. Rxa8 Rxa8 21. Ne5 Ne4 22. f3 Ng5 23. h4 Ne6 24. Nxc6 Qxc6 25. Qb3 Ra6 26. Qd3 Rb6 27. Rf2 Rxb2 28. Rxb2 Qc1+ 29. Kh2 Qxb2 30. e4 Qxg2+ 31. Kxg2 Nf4+ 32. Kg3 Nxd3 33. exd5 Nb4 34. d6 cxd6 35. Kf4 f6 36. Ke4 Kh7 37. f4 d5+ 38. Kf3 f5 39. Ke2 Kh6 40. Kd2 Kh5 41. Kc3 Nc6 0-1

[Event "Rheinland Pfalz op 2nd"]
[Site "Schweich"]
[Date "2010.07.18"]
[Round "6"]
[White "Van Leyen, Peter"]
[Black "Kirmeir, Andreas"]
[Result "0-1"]
[WhiteElo "1491"]
[BlackElo "1826"]
[PlyCount "144"]
[EventDate "2010.07.16"]
[EventType "swiss"]
[EventRounds "7"]
[EventCountry "GER"]
[SourceTitle "EXT 2012"]
[Source "ChessBase"]
[SourceDate "2011.11.24"]
[SourceVersion "1"]
[SourceVersionDate "2011.11.24"]
[SourceQuality "1"]

1. d4 g6 2. Nf3 Bg7 3. e3 b6 4. c4 Bb7 5. Be2 d6 6. Nc3 e6 7. 0-0 Nd7 8. Qc2 Ne7 9. Rd1 h6 10. e4 a6 11. Bf4 0-0 12. e5 d5 13. cxd5 Nxd5 14. Nxd5 Bxd5 15. b4 c6 16. a4 Qe7 17. b5 axb5 18. axb5 c5 19. dxc5 Nxc5 20. Nd4 Rfd8 21. Rxa8 Rxa8 22. Nc6 Qc7 23. Qd2 g5 24. Be3 Ra2 25. Qe1 Bxe5 26. Nxe5 Qxe5 27. Bf3 Bxf3 28. Rd8+ Kh7 29. Qb1+ Rc2 30. Qxc2+ Be4 31. Qd1 Nb7 32. Bd4 Qxb5 33. Rh8+ Kg6 34. h4 e5 35. h5+ Kg7 36. Qa1 Kxh8 37. Bxe5+ Kh7 38. Qd4 Qd5 39. f3 Qxd4+ 40. Bxd4 Bd3 41. Bxb6 f5 42. g3 Nd6 43. Kf2 Ne8 44. Ke3 Bc2 45. f4 g4 46. Kd4 Ng7 47. Ke5 Nxh5 48. Bf2 Kg6 49. Ke6 Nf6 50. Be1 h5 51. Bf2 Ne4 52. Be1 h4 53. gxh4 Nf6 54. Ke5 Nh5 55. Bf2 g3 56. Be3 g2 57. Kd4 Nxf4 58. Kc3 Be4 59. Kd2 Nh3 60. Ke1 g1Q+ 61. Bxg1 Nxg1 62. Kf2 Nf3 63. Kg3 Kh5 64. Kh3 Nxh4 65. Kg3 Ng6 66. Kh3 Kg5 67. Kg3 f4+ 68. Kh3 Nh4 69. Kh2 Kg4 70. Kg1 Kg3 71. Kf1 Bg2+ 72. Kg1 Nf3# 0-1

[Event "Rheinland Pfalz op 2nd"]
[Site "Schweich"]
[Date "2010.07.17"]
[Round "4"]
[White "Van Leyen, Peter"]
[Black "Busch, Florian"]
[Result "0-1"]
[WhiteElo "1491"]
[BlackElo "1738"]
[PlyCount "60"]
[EventDate "2010.07.16"]
[EventType "swiss"]
[EventRounds "7"]
[EventCountry "GER"]
[SourceTitle "EXT 2012"]
[Source "ChessBase"]
[SourceDate "2011.11.24"]
[SourceVersion "1"]
[SourceVersionDate "2011.11.24"]
[SourceQuality "1"]

1. d4 d5 2. c4 e6 3. Nc3 c6 4. Nf3 dxc4 5. a4 Bb4 6. e3 b5 7. axb5 cxb5 8. Bd2 Bxc3 9. Bxc3 Nc6 10. b3 b4 11. d5 bxc3 12. dxc6 Qxd1+ 13. Kxd1 cxb3 14. Bb5 Nf6 15. c7+ Bd7 16. Rxa7 Rc8 17. Ba6 Ne4 18. Rf1 b2 19. Kc2 Ba4+ 20. Kb1 Bd7 21. Bxc8 Bxc8 22. Rd1 Ke7 23. Rd3 e5 24. g4 f6 25. h3 g5 26. Rd8 Rxd8 27. cxd8Q+ Kxd8 28. Rxh7 Nd2+ 29. Nxd2 cxd2 30. Rh8+ Kc7 0-1